Aguja y ensueño

Na minha lista:
Detalhes bibliográficos
Autor principal: Zamora Elizondo, Hernan
Formato: Livro
Idioma:Undetermined
Publicado em: San José, Costa Rica Española 1927
Assuntos:
Tags: Adicionar Tag
Sem tags, seja o primeiro a adicionar uma tag!

MARC

LEADER 00000nam a2200000Ia 4500
008 170316s9999 xx 000 0 und d
040 |a cru BVZT 
090 |a 868 Z-2a 
100 |a Zamora Elizondo, Hernan 
245 |a Aguja y ensueño 
260 |a San José, Costa Rica 
260 |b Española 
260 |c 1927 
300 |a 125 páginas 
650 |a LITERATURA COSTARRICENSE 
650 |a POESÍA 
942 |c 15 D 
999 |c 11656  |d 11656